Normal view
MARC view
- Datenbanksprache
Entry Topical Term
001 - CONTROL NUMBER
- control field: 131175
003 - CONTROL NUMBER IDENTIFIER
- control field: NUST
005 - DATE AND TIME OF LATEST TRANSACTION
- control field: 20251015134856.0
008 - FIXED-LENGTH DATA ELEMENTS
- fixed length control field: 251015|| aca||aabn | a|a d
040 ## - CATALOGING SOURCE
- Original cataloging agency: NUST
- Transcribing agency: NUST
150 ## - HEADING--TOPICAL TERM
- Topical term or geographic name entry element: Datenbanksprache
670 ## - SOURCE DATA FOUND
- Source citation: Work cat.: (NUST)0: Petković, Dušan, author. 131172, Microsoft SQL Server 2016 :
